| 000 | 01051nac a22003137a 4500 | ||
|---|---|---|---|
| 001 | BR8100154 | ||
| 003 | BR-BrBNA | ||
| 005 | 20240105114901.0 | ||
| 008 | 230509b bl.|||m| |||| 00| 0 por d | ||
| 040 |
_aBR-BrBNA _bpor _cBiblioteca Nacional de Agricultura |
||
| 072 | _aF60 | ||
| 090 | _a0150 BR8100154 | ||
| 100 | 1 | _aStone, L.F. | |
| 100 | 1 | _aSilveira, P.M. da | |
| 100 | 1 | _aAquino, A.R.L. de | |
| 110 | 1 | _aCentro Nacional de Pesquisa em Arroz e Feijao, Goiania, GO (Brasil) | |
| 245 | 1 | _aDemanda de agua da cultura de arroz irrigado [Oryza sativa; Goias; Brasil] | |
| 246 | 1 | _a[Water demand from irrigated rice crop [Oryza sativa; Goias; Brazil]] | |
| 260 | 3 |
_aGoiania, GO (Brasil): _cJun 1980. |
|
| 300 | _a4 p. | ||
| 490 |
_aComunicado Tecnico - Centro Nacional de Pesquisa em Arroz e Feijao (Brazil) _vno. 5 _x |
||
| 650 | _aFisiologia vegetal | ||
| 650 | _aArroz irrigado | ||
| 650 | _aEvapotranspiracao | ||
| 650 | _aAgua | ||
| 650 | _aGoias | ||
| 909 |
_a202312 _bLúcia Elande _c55 _dLúcia Elande |
||
| 942 |
_2AGRIS _n0 _cMS |
||
| 999 |
_c271852 _d271852 |
||